[Event "Peterborough 4NCL Easter U2000 op"]
[Site "Peterborough"]
[Date "2024.04.01"]
[Round "7"]
[White "Webster, Vivien"]
[Black "Lawrence, Spencer"]
[Result "1/2-1/2"]
[WhiteElo "1766"]
[BlackElo "1789"]
[PlyCount "171"]
[EventDate "2024.03.29"]
[EventType "swiss"]
[EventRounds "7"]
[EventCountry "ENG"]
[SourceTitle "CB14_2024"]
[SourceDate "2024.04.01"]
[SourceVersion "1"]
[SourceVersionDate "2024.04.01"]
[SourceQuality "1"]

1. e4 e6 2. c3 d5 3. Nf3 dxe4 4. Qa4+ Nd7 5. Qxe4 Ngf6 6. Qc2 b6 7. d4 c5 8. Bb5 Bb7 9. Ne5 a6 10. Nxd7 Nxd7 11. Bxd7+ Qxd7 12. 0-0 Qd5 13. f3 cxd4 14. cxd4 Qxd4+ 15. Kh1 Rc8 16. Nc3 Be7 17. Rd1 Qf6 18. Qa4+ b5 19. Qg4 0-0 20. Be3 Bc5 21. Bg5 Qg6 22. Qh4 Bf2 23. Qf4 Rc4 24. Qd2 Rd4 25. Qxf2 Rd3 26. Rd2 Rxd2 27. Rc1 Rd1+ 28. Rxd1 Qxg5 29. Ne2 Rd8 30. Rxd8+ Qxd8 31. Qd4 Qxd4 32. Nxd4 Bd5 33. a3 Kf8 34. Kg1 Ke7 35. Kf2 Kd6 36. b4 Bc4 37. Ke3 Kd5 38. g3 g5 39. f4 gxf4+ 40. gxf4 e5 41. fxe5 Kxe5 42. Nf3+ Kf5 43. Nd2 Be6 44. Ne4 Kg6 45. Kf4 h6 46. h4 Kh5 47. Kg3 f5 48. Nc5 Bc8 49. Nd3 Kg6 50. Kf4 Kf6 51. Nc5 Kf7 52. a4 bxa4 53. Nxa4 Kg6 54. Nc3 Kh5 55. Kg3 f4+ 56. Kxf4 Kxh4 57. Nd1 Kh5 58. Ne3 Kg6 59. Nd5 Bd7 60. Ne3 Kf6 61. Nd5+ Kf7 62. Nc7 Bb5 63. Nd5 Ke6 64. Nc3 Kd6 65. Kf5 Bd3+ 66. Kf4 Kc6 67. Ke3 Bc4 68. Kd4 Bf1 69. Ke3 h5 70. Kf2 Bc4 71. Kg3 Be6 72. Kh4 Bg4 73. Kg3 Kd6 74. Kf4 Bd7 75. Ne4+ Kc6 76. Nc3 h4 77. Kf3 Kd6 78. Ne4+ Ke5 79. Nc5 Bc8 80. Nxa6 Kd4 81. Nc5 Kc4 82. Kf2 Kxb4 83. Nd3+ Kc3 84. Ne5 Bb7 85. Nf3 Bxf3 86. Kxf3 1/2-1/2

[Event "Peterborough 4NCL Easter U2000 op"]
[Site "Peterborough"]
[Date "2024.03.31"]
[Round "5"]
[White "Webster, Vivien"]
[Black "Spencer, Paul"]
[Result "0-1"]
[WhiteElo "1766"]
[BlackElo "1735"]
[PlyCount "90"]
[EventDate "2024.03.29"]
[EventType "swiss"]
[EventRounds "7"]
[EventCountry "ENG"]
[SourceTitle "CB14_2024"]
[SourceDate "2024.04.01"]
[SourceVersion "1"]
[SourceVersionDate "2024.04.01"]
[SourceQuality "1"]

1. d4 d5 2. Nf3 Nf6 3. Nc3 Bf5 4. h3 e6 5. a3 c5 6. dxc5 Bxc5 7. Bg5 Nc6 8. e4 dxe4 9. Qxd8+ Rxd8 10. Bxf6 gxf6 11. Nh4 Nd4 12. 0-0-0 0-0 13. g4 Bg6 14. Nxg6 hxg6 15. Nxe4 Be7 16. Bc4 Kg7 17. h4 Nf3 18. h5 Ne5 19. Be2 f5 20. gxf5 exf5 21. Nc3 Bg5+ 22. Kb1 Ng4 23. Bxg4 fxg4 24. Ne4 Be7 25. hxg6 Kxg6 26. Rdg1 f5 27. Nc3 Rh8 28. Rxh8 Rxh8 29. f3 Kg5 30. fxg4 fxg4 31. Ne4+ Kf4 32. Nf2 g3 33. Nd3+ Kf3 34. Re1 g2 35. Rxe7 g1Q+ 36. Ka2 Qg8+ 37. b3 Rh2 38. Ne1+ Kf4 39. Rxb7 Qe8 40. Nd3+ Kg5 41. Rc7 Qd8 42. Rc5+ Kf6 43. Nb4 Qd4 44. Rc6+ Kg5 45. Rc8 Rh1 0-1

[Event "Hull 4NCL op-B"]
[Site "Hull"]
[Date "2023.09.09"]
[Round "3"]
[White "Webster, Vivien"]
[Black "Wheeler, Tim"]
[Result "1-0"]
[WhiteElo "1598"]
[BlackElo "1694"]
[PlyCount "81"]
[EventDate "2023.09.08"]
[EventType "swiss"]
[EventRounds "5"]
[EventCountry "ENG"]
[SourceTitle "EXT 2024"]
[Source "ChessBase"]
[SourceDate "2023.10.10"]
[SourceVersion "1"]
[SourceVersionDate "2023.10.10"]
[SourceQuality "1"]

1. d4 Nf6 2. c4 g6 3. e3 Bg7 4. Bd3 0-0 5. Ne2 d6 6. 0-0 e5 7. Nbc3 Re8 8. b3 c6 9. Bb2 e4 10. Bc2 d5 11. c5 Bh6 12. Ng3 Bg4 13. Qd2 Nh5 14. Nxh5 Bxh5 15. Ne2 Qg5 16. Ng3 Re6 17. Nxh5 gxh5 18. Bd1 Rg6 19. f4 exf3 20. Rxf3 h4 21. Bc2 Re6 22. Re1 Nd7 23. Bxh7+ Kxh7 24. Rxf7+ Kh8 25. Rxd7 Rg8 26. Bc1 Qg4 27. Qe2 Qe4 28. Rd6 h3 29. g3 Rge8 30. Rxe6 Rxe6 31. b4 a6 32. a4 Kg7 33. Qf1 Qg4 34. Re2 Re7 35. Rf2 Kg6 36. Rf6+ Kg7 37. Qf3 Qg5 38. Rf4 Qg6 39. Rg4 Bg5 40. e4 Rf7 41. Qd1 1-0

[Event "Daventry 4NCL Easter op-B 3rd"]
[Site "Daventry"]
[Date "2023.04.10"]
[Round "7"]
[White "Acharya, Kandara"]
[Black "Webster, Vivien"]
[Result "1/2-1/2"]
[WhiteElo "1558"]
[BlackElo "1591"]
[PlyCount "48"]
[EventDate "2023.04.07"]
[EventType "swiss"]
[EventRounds "7"]
[EventCountry "ENG"]
[SourceTitle "EXT 2024"]
[Source "ChessBase"]
[SourceDate "2023.10.10"]
[SourceVersion "1"]
[SourceVersionDate "2023.10.10"]
[SourceQuality "1"]

1. e4 e5 2. Nf3 d6 3. Nc3 c6 4. d4 exd4 5. Nxd4 Be7 6. Bc4 Nf6 7. Bb3 0-0 8. 0-0 Na6 9. h3 Nc5 10. Qf3 Nxb3 11. axb3 a6 12. Nce2 d5 13. exd5 Qxd5 14. Qxd5 Nxd5 15. Ng3 Bf6 16. Ndf5 Nb4 17. c3 Nd3 18. Nd6 Nxc1 19. Raxc1 Rd8 20. Nxc8 Raxc8 21. Rcd1 Be5 22. Ne4 b6 23. Nd2 h6 24. Nc4 Bc7 1/2-1/2

[Event "Harrogate 4NCL op-B 29th"]
[Site "Harrogate"]
[Date "2023.01.22"]
[Round "4"]
[White "Hall, James"]
[Black "Webster, Vivien"]
[Result "0-1"]
[WhiteElo "1919"]
[BlackElo "1754"]
[PlyCount "148"]
[EventDate "2023.01.20"]
[EventType "swiss"]
[EventRounds "5"]
[EventCountry "ENG"]
[SourceTitle "CBM 212 Extra"]
[Source "ChessBase"]
[SourceDate "2023.03.31"]
[SourceVersion "1"]
[SourceVersionDate "2023.03.31"]
[SourceQuality "1"]

1. e4 b6 2. d4 Bb7 3. Bg5 h6 4. Bh4 Bxe4 5. d5 Bg6 6. Nc3 Nf6 7. Nf3 a6 8. Bc4 d6 9. Nd4 Bh5 10. Be2 Bxe2 11. Qxe2 g5 12. Bg3 Qd7 13. 0-0-0 Bg7 14. Rhe1 Ng8 15. Qe4 Nf6 16. Qe2 Ng8 17. Qf3 h5 18. h3 g4 19. Qe4 Nf6 20. Qe2 gxh3 21. gxh3 Kd8 22. Nc6+ Nxc6 23. dxc6 Qe8 24. Bh4 Rh6 25. Bg5 Rg6 26. h4 Bh6 27. f4 Bxg5 28. hxg5 Ng8 29. Qxh5 f6 30. Qh7 fxg5 31. fxg5 Rxg5 32. Rg1 Nf6 33. Qh1 Rxg1 34. Rxg1 Kc8 35. Re1 Kb8 36. b4 Ka7 37. Qf3 Qf8 38. Re6 Ng8 39. Qe3 Qf5 40. a4 Kb8 41. Ne2 a5 42. b5 Ka7 43. Nd4 Qf1+ 44. Kb2 Rf8 45. Qd2 Qc4 46. Re4 Qxa4 47. Rf4 Rxf4 48. Qxf4 e5 49. Qf7 Qxd4+ 50. Kb1 Qb4+ 51. Ka2 Qa4+ 52. Kb1 Qxb5+ 53. Kc1 Qxc6 54. Qxg8 a4 55. Qa2 b5 56. Kd2 Kb6 57. Qg8 Kc5 58. Qg1+ Kb4 59. Qb1+ Ka5 60. Qg1 Qd5+ 61. Kc1 c5 62. Qe1+ b4 63. Qf1 Qd4 64. Qg2 d5 65. Qg7 Qa1+ 66. Kd2 Qc3+ 67. Kd1 a3 68. Qa7+ Kb5 69. Qb7+ Kc4 70. Qa6+ Kd4 71. Qe2 Qe3 72. Qg4+ Kc3 73. Qxb4+ Kxb4 74. c3+ Qxc3 0-1

[Event "Harrogate 4NCL op-B 29th"]
[Site "Harrogate"]
[Date "2023.01.22"]
[Round "5"]
[White "Webster, Vivien"]
[Black "Hymer, Barry J"]
[Result "1/2-1/2"]
[WhiteElo "1754"]
[BlackElo "1987"]
[PlyCount "86"]
[EventDate "2023.01.20"]
[EventType "swiss"]
[EventRounds "5"]
[EventCountry "ENG"]
[SourceTitle "CBM 212 Extra"]
[Source "ChessBase"]
[SourceDate "2023.03.31"]
[SourceVersion "1"]
[SourceVersionDate "2023.03.31"]
[SourceQuality "1"]

1. e4 d6 2. Nf3 Nf6 3. Nc3 e5 4. Bc4 Be7 5. a3 0-0 6. d3 c6 7. Bd2 b5 8. Bb3 Na6 9. h3 Nc5 10. Ba2 Qc7 11. b4 Ne6 12. a4 a5 13. bxa5 b4 14. Ne2 d5 15. exd5 cxd5 16. c3 bxc3 17. Bxc3 d4 18. Bd2 Nc5 19. Bg5 Ba6 20. 0-0 Nxd3 21. Rb1 Qxa5 22. Ng3 Bd8 23. Bb3 Nd5 24. Bxd8 Rfxd8 25. Ng5 h6 26. N5e4 N3f4 27. Re1 d3 28. Qg4 Bc8 29. Nf5 Bxf5 30. Qxf5 Re8 31. Nd6 Ne2+ 32. Kh1 Re7 33. Qxd3 Ndf4 34. Qf5 Qd2 35. Bxf7+ Kh8 36. Qe4 Rf8 37. Nc4 Qd4 38. Bd5 Qxd5 39. Rxe2 Qxe4 40. Rxe4 Nd3 41. Kg1 Nxf2 42. Rxe5 Rc7 43. Re2 Rxc4 1/2-1/2

[Event "English Online Blitz Gp2"]
[Site "Chess.com INT"]
[Date "2020.05.09"]
[Round "3"]
[White "Webster, Vivien"]
[Black "Boyd, John"]
[Result "0-1"]
[WhiteElo "1590"]
[BlackElo "2212"]
[PlyCount "94"]
[EventDate "2020.05.09"]
[EventType "swiss (blitz)"]
[EventRounds "11"]
[EventCountry "ENG"]
[SourceTitle "CBM 196 Extra"]
[Source "ChessBase"]
[SourceDate "2020.07.31"]
[SourceVersion "1"]
[SourceVersionDate "2020.07.31"]
[SourceQuality "1"]

1. e4 d5 2. exd5 Nf6 3. Nf3 Bg4 4. Be2 Qxd5 5. 0-0 Nc6 6. Nc3 Qh5 7. d4 0-0-0 8. Bf4 e5 9. Bg3 exd4 10. Nb5 Nd5 11. h3 Bxh3 12. gxh3 Qxh3 13. Nh4 f5 14. Bf3 g6 15. Bg2 Qg4 16. Qd3 f4 17. Bf3 Qg5 18. Bxd5 Rxd5 19. Nf3 Qg4 20. Ne5 Rxe5 21. Nxd4 Nxd4 22. Qxd4 Bd6 23. Qd3 fxg3 24. Qxg3 Qxg3+ 25. fxg3 Re2 26. Rf2 Rxf2 27. Kxf2 Rf8+ 28. Kg2 Re8 29. Rf1 Re2+ 30. Rf2 Rxf2+ 31. Kxf2 Kd7 32. Kf3 Ke6 33. g4 h5 34. gxh5 gxh5 35. Kg2 Kf5 36. Kh3 Kg5 37. b3 h4 38. Kg2 Kg4 39. Kh1 b5 40. Kg2 h3+ 41. Kh1 b4 42. Kg1 h2+ 43. Kg2 a5 44. Kh1 Kh3 45. a4 bxa3 46. c4 a2 47. c5 a1Q# 0-1

[Event "Stevenage 4NCL Easter op U1825"]
[Site "Stevenage"]
[Date "2019.04.22"]
[Round "6.10"]
[White "Illingworth, John B"]
[Black "Webster, Vivien"]
[Result "0-1"]
[WhiteElo "1621"]
[BlackElo "1724"]
[PlyCount "50"]
[EventDate "2019.04.19"]
[EventType "swiss"]
[EventRounds "7"]
[EventCountry "ENG"]
[SourceTitle "EXT 2023"]
[Source "ChessBase"]
[SourceDate "2022.10.05"]
[SourceVersion "1"]
[SourceVersionDate "2022.10.05"]
[SourceQuality "1"]

1. d4 b6 2. e4 Bb7 3. Nc3 e6 4. Bd3 Nf6 5. Nf3 Be7 6. 0-0 0-0 7. e5 Nd5 8. Nxd5 Bxd5 9. c3 c5 10. dxc5 Bxc5 11. Qc2 Bxf3 12. Bxh7+ Kh8 13. gxf3 g6 14. Qe4 Nc6 15. Qf4 Kxh7 16. Qh6+ Kg8 17. Bg5 Be7 18. f4 Bxg5 19. fxg5 Nxe5 20. f4 Ng4 21. Qh4 Ne3 22. Rf3 Nf5 23. Qg4 Kg7 24. Kg2 Rh8 25. Rh1 Rh4 0-1

[Event "Stevenage 4NCL Easter op U1825"]
[Site "Stevenage"]
[Date "2019.04.20"]
[Round "3.6"]
[White "Webster, Vivien"]
[Black "Neil, Graham"]
[Result "0-1"]
[WhiteElo "1724"]
[BlackElo "1540"]
[PlyCount "116"]
[EventDate "2019.04.19"]
[EventType "swiss"]
[EventRounds "7"]
[EventCountry "ENG"]
[SourceTitle "EXT 2023"]
[Source "ChessBase"]
[SourceDate "2022.10.05"]
[SourceVersion "1"]
[SourceVersionDate "2022.10.05"]
[SourceQuality "1"]

1. d4 g6 2. c4 Nf6 3. Nc3 Bg7 4. e4 d6 5. Bd3 0-0 6. Nge2 Nc6 7. 0-0 Nd7 8. Be3 e5 9. d5 Ne7 10. Qc2 b6 11. b4 f5 12. exf5 Nxf5 13. Bxf5 Rxf5 14. Ng3 Rf8 15. Nce4 Nf6 16. Nxf6+ Bxf6 17. Rad1 Bg5 18. Qd2 Bxe3 19. Qxe3 a5 20. b5 Bf5 21. f4 Bg4 22. Rd2 exf4 23. Rxf4 Qd7 24. Rxf8+ Rxf8 25. h3 Bf5 26. h4 Qg7 27. Nxf5 Rxf5 28. Qe6+ Qf7 29. Qxf7+ Kxf7 30. Rf2 Rxf2 31. Kxf2 Kf6 32. Kf3 Kf5 33. g4+ Ke5 34. Ke3 h6 35. a4 h5 36. gxh5 gxh5 37. Kf3 Kf5 38. Kg3 Ke4 39. Kg2 Kf4 40. Kf2 Kg4 41. Ke3 Kxh4 42. Kf4 Kh3 43. Kf5 Kg3 44. Ke6 h4 45. Kd7 h3 46. Kxc7 h2 47. Kxb6 h1Q 48. Kxa5 Qe1+ 49. Kb6 Qb4 50. Kc7 Qc5+ 51. Kd7 Kf4 52. Ke6 Ke4 53. a5 Kd4 54. b6 Qxa5 55. Kxd6 Qxb6+ 56. Ke7 Qc7+ 57. Ke6 Kxc4 58. d6 Qd8 0-1